000 00745nam a2200253Ia 4500
003 OSt
005 20220930093952.0
006 a|||||r|||| 00| 0
007 ta
008 220926b |||||||| |||| 00| 0 eng d
024 _a63222
037 _cTheses
040 _aCRL
_cCRL
_beng
041 _2eng
_aeng
100 _aSaini Anupama Au.
_9553954
110 _aUniversity of Delhi. Faculty of Science.
245 0 _aSynthesis of quinoxalines, quinazolines and schiff bases using primary amines
260 _c2018
300 _a192p.
_ap.
_ccm.
700 _a K. Gopalaiah Gu.
_9553955
700 _aUniversity of Delhi. Faculty of Science.
942 _cDIS
_2CC
999 _c886343
_d886343